000 01271nam a22003495i 4500
001 11727
003 ES-MaACL
005 20240606121243.0
007 t|
008 951106s1995 sp ||||0| spa j
020 _a84-7658-463-6
040 _aM-BN
_bspa
_cM-BN
080 _a159.922.1-055.2
080 _a82.08
080 _a159.954.433-055.2
100 1 _aCixous, Hélène.
_938965
245 1 3 _aLa risa de la medusa /
_cHélène Cixous ; prólogo y traducción de Ana María Moix ; traducción revisada por Myriam Díaz-Diocaretz.
250 _a1ª ed.
260 _aBarcelona :
_bAnthropos ;
_a[Madrid] :
_bDirección General de la Mujer,
_c1995.
300 _a201 p ;
_c20 cm.
490 1 _aPensamiento crítico/pensamiento utópico. Cultura y diferencia ;
_v88
650 1 4 _aMujeres-
_xPsicología.
_915309
650 1 4 _aCreación literaria.
_911405
650 1 4 _aMujeres-
_xCreatividad.
_915262
700 1 _aMoix, Ana María,
_d1947-
_981820
700 1 _aDíaz-Diocaretz, Myriam.
_944267
710 1 _aEspaña.
_bDirección General de la Mujer.
_93748
830 0 _aPensamiento crítico/pensamiento utópico. Cultura y diferencia ;
_v88
_9178901
852 _aES-MaACL
_jL-19079
_bR.123846
999 _c11727
_d11727